000 00422nam a2200169Ia 4500
001 12060
003 IN-NITTTR
005 20251114233113.0
008 251113s9999||||xx |||||||||||||| ||eng||
040 _beng
040 _cIN-NITTTR
041 _aeng
082 _a371.207 R797P
100 _aRowley, C. D.
245 4 _aThe politics of educational planning in developing countries /
_cRowley, C. D.
942 _2ddc
_cBK
999 _c14696
_d14696